000 00535nam a2200157 a 4500
008 120416s0000 ||||||||||||||||| || u
020 _a0070038732
050 _aTK 7888.3 Bar
100 _aLebow, Irwin L
245 1 0 _aTheory and design of digital machines
260 _aNew York
_bMcGraw-Hill
_c1962
300 _aix, 342p.
350 _a0.00
700 _aBartee, Thomas C
995 _D0.00
_FCBU-MAIN LIBRARY (Kitwe)
_H1
_I6.95
_UAVAILABLE
_ZMain Library Open Access Collection
999 _c59741
_d59741